00793nam a22001817a 4500003000900000008004100009020001800050040007100068082003600139100001900175245003100194260003200225300004900257505025000306650002100556650001400577700002000591AR-CdUCM190524b ||||| |||| 00| 0 eng d a9786073238458 aMUNICIPALIDAD PROVINCIAL DEL CUSCOcBIBLIOTECA MUNICIPAL DEL CUSCO a658.8/K87FbK87F2Decimotercera aKotler, Philip aFundamentos de marketing / aMéxico ;bPearson,c2017. a672 Páginas. :bilustraciones ;c21x27 cm. aContenido: Definición de marketing y el proceso de marketing -- Comprensión del mercado y del valor del cliente -- Diseño de una estrategia y una mezcla de marketing orientadas a crear valor para el cliente -- Extensión de marketing ...  aAdministración aMarketing aArmstrong, Gary